In Vitro propagation and conservation of Stevia Rebaudiana Bertoni / (Record no. 80741)
[ view plain ]
| 000 -LEADER | |
|---|---|
| fixed length control field | 00888nam a22002417a 4500 |
| 001 - CONTROL NUMBER | |
| RUCL Control Number | 80741 |
| 003 - CONTROL NUMBER IDENTIFIER | |
| rucl marc code | BD-RjUL |
| 005 - DATE AND TIME OF LATEST TRANSACTION | |
| control field | 20230405121126.0 |
| 008 - FIXED-LENGTH DATA ELEMENTS--GENERAL INFORMATION | |
| fixed length control field | 221109s2010 bg a|||| m||| 00| 0 eng d |
| 035 ## - SYSTEM CONTROL NUMBER | |
| system control number | (BD-RjUL)80741 |
| 040 ## - CATALOGING SOURCE | |
| Original cataloging agency | BD-RjUL |
| Language of cataloging | eng |
| Transcribing agency | BD-RjUL |
| Modifying agency | BD-RjUL |
| 041 ## - LANGUAGE CODE | |
| Language code of Book | eng |
| 082 ## - DEWEY DECIMAL CLASSIFICATION NUMBER | |
| DDC Edition number | 23 |
| Classification number | 333.72 |
| Author mark and Year | ZAV 2010 |
| 100 ## - MAIN ENTRY--PERSONAL NAME | |
| Personal name | Zaman, Rashed |
| 9 (RLIN) | 5777 |
| 245 1# - TITLE STATEMENT | |
| Title | In Vitro propagation and conservation of Stevia Rebaudiana Bertoni / |
| Statement of responsibility, etc | Submitted by Rashed Zaman ; |
| Name of Supervisor/Co-Supervisor | Supervisor : Biswanath Sikdar |
| 260 ## - PUBLICATION, DISTRIBUTION, ETC. (IMPRINT) | |
| Place of publication, distribution, etc | Rajshahi : |
| Name of publisher, distributor, etc | Institute of Biological Sciences, University of Rajshahi, |
| Date of publication, distribution, etc | 2010 |
| 300 ## - PHYSICAL DESCRIPTION | |
| Pagination | xiii, 146 leaves : |
| Other physical details | ill, ; |
| Dimensions | 29. cm. |
| 502 ## - DISSERTATION NOTE | |
| Dissertation note | Thesis (M. Phil.) -- Institute of Biological Sciences, University of Rajshahi, 2010 |
| 504 ## - BIBLIOGRAPHY, ETC. NOTE | |
| Bibliography, etc | References : Leaves 131 - 148 |
| 650 ## - SUBJECT ADDED ENTRY--TOPICAL TERM | |
| Topical term or geographic name as entry element | Conservation |
| 700 ## - ADDED ENTRY--SUPERVISOR/CO-SUPERVISOR NAME | |
| Personal name | Sikdar, Biswanath, Supervisor |
| 9 (RLIN) | 1732 |
| 942 ## - ADDED ENTRY ELEMENTS (KOHA) | |
| Source of classification or shelving scheme | Dewey Decimal Classification |
| Koha item type | Theses |
| Source of classification or shelving scheme | Damaged status | Not for loan | Collection code | Permanent Location | Current Location | Shelving location | Date of accession | Source of acquisition | Full call number | Barcode | Date last seen | Copy number | Thesis |
|---|---|---|---|---|---|---|---|---|---|---|---|---|---|
| Dewey Decimal Classification | Not For Loan | Theses | Central Library, University of Rajshahi | Central Library, University of Rajshahi | Documentation Section | 06/06/2011 | Controller of Exam. R.U. | THE 333.72 ZAI 2010 | D3243 | 09/11/2022 | C-1 | Theses |